| 000 | 00683nam a2200169 a 4500 | ||
|---|---|---|---|
| 001 | 5028 | ||
| 003 | CDMR | ||
| 005 | 20131021141300.0 | ||
| 008 | 130130s1988||||||||||||||||||||||||||||d | ||
| 040 |
_aCDMR _bcat _cCDMR |
||
| 245 | 0 | 3 |
_aLa empresa periodística en los ochenta _cJ. Balmaña... [et al.] ; edición coordinada por Rosario de Mateo |
| 260 |
_aBarcelona _c1988 _bFundación Conde de Barcelona |
||
| 500 | _aPonències del seminari celebrat a Barcelona, del 30 de març al 2 d'abril de 1987, "La organización de la empresa de prensa escrita en los años ochenta". | ||
| 650 | 0 | 4 |
_9311 _aEmpreses periodístiques _yS. XX |
| 700 | 1 |
_9104 _aMateo, Rosario de _eed. |
|
| 942 |
_cMON _2ddc |
||
| 999 |
_c5028 _d5028 |
||